Cấp cứu tai-mũi-họng

में बचाया:
ग्रंथसूची विवरण
मुख्य लेखक: Lương Sĩ Cân
स्वरूप: पुस्तक
भाषा:Undetermined
प्रकाशित: Hà Nội Y học 1986
विषय:
टैग : टैग जोड़ें
कोई टैग नहीं, इस रिकॉर्ड को टैग करने वाले पहले व्यक्ति बनें!
Thư viện lưu trữ: Trung tâm Học liệu Trường Đại học Cần Thơ
LEADER 00537nam a2200169Ia 4500
001 CTU_7608
008 210402s9999 xx 000 0 und d
082 |a 616.210252 
082 |b C121 
100 |a Lương Sĩ Cân 
245 0 |a Cấp cứu tai-mũi-họng 
245 0 |c Lương Sĩ Cân, Phạm Khánh Hòa, Trần Lệ Thuỷ 
260 |a Hà Nội 
260 |b Y học 
260 |c 1986 
650 |a first aid in illness and injury,otolaryngology 
980 |a Trung tâm Học liệu Trường Đại học Cần Thơ